000
00269nam a2200121Ia 4500
100
_a
Yellow Back Series
942
_c
BK
654
_a
Draughtman
245
_a
Junior Draughtmans Text
260
_b
Machinery Publication & co
_c
2001
300
_a
72
546
_a
ENGLISH
999
_c
20661
_d
20661